Statistics for Country by City "H"

Click here to take the quiz!

General Stats

  • This quiz has been taken 82 times
  • The average score is 20 of 25

Answer Stats

City Country % Correct
HiroshimaJapan
100%
HoustonUnited States
100%
HavanaCuba
100%
HanoiVietnam
99%
HamburgGermany
99%
HelsinkiFinland
99%
HangzhouChina
97%
HuddersfieldUnited Kingdom
96%
HindupurIndia
96%
HalifaxCanada
91%
HobartAustralia
90%
HaifaIsrael
90%
HyderabadPakistan
88%
HelsingborgSweden
86%
HeraklionGreece
86%
HaarlemNetherlands
84%
HarareZimbabwe
80%
HomsSyria
74%
HamiltonNew Zealand
72%
HamadanIran
68%
HermosilloMexico
61%
HebronPalestine
48%
HorlivkaUkraine
45%
HeratAfghanistan
43%
HrodnaBelarus
35%

Score Distribution

Percentile by Number Answered

Percent of People with Each Score

Your Score History

You have not taken this quiz